Comparison of various equations to calculate serum osmolality /
Saved in:
| Main Author: | |
|---|---|
| Format: | Thesis Book |
| Language: | English |
| Published: |
2017.
|
| Subjects: | |
| Online Access: | http://studentsrepo.um.edu.my/8919/ |
| Tags: |
Add Tag
No Tags, Be the first to tag this record!
|
| LEADER | 01069cam a2200301 i 4500 | ||
|---|---|---|---|
| 001 | u1066621 | ||
| 003 | SIRSI | ||
| 005 | 201710250954 | ||
| 008 | 171025s2017 my a m 000 0 eng | ||
| 040 | |a UMP |e rda | ||
| 096 | |a QZ4 |b UM 2017 Sar | ||
| 100 | 0 | |a Saraswathy Apparow, |e author. | |
| 245 | 1 | 0 | |a Comparison of various equations to calculate serum osmolality / |c Saraswathy Apparow. |
| 264 | 1 | |c 2017. | |
| 264 | 4 | |c 2017. | |
| 300 | |a ix, 62 leaves : |b illustration ; |c 30cm. | ||
| 336 | |a text |2 rdacontent | ||
| 337 | |a unmediated |2 rdamedia | ||
| 338 | |a volume |2 rdacarrier | ||
| 500 | |a Research report. | ||
| 502 | |b M.Path. |c Department of Pathology, Faculty of Medicine, University of Malaya |d 2017. | ||
| 504 | |a Bibliography: leaves 25-27. | ||
| 650 | 1 | 2 | |a Osmolar Concentration. |
| 710 | 2 | 0 | |a Universiti Malaya. |b Jabatan Patologi, |e degree granting institution. |
| 856 | 4 | 1 | |u http://studentsrepo.um.edu.my/8919/ |
| 900 | |a RAH | ||
| 596 | |a 2 | ||
| 999 | |a QZ4 UM 2017 SAR |w NLM |c 1 |i A516872809 |d 25/4/2018 |f 25/4/2018 |g 1 |l TESIS |m P02MEDKL |r Y |s Y |t TESIS |u 25/4/2018 |1 STEM | ||
